| 000 | 00978cam a22002417i 4500 | ||
|---|---|---|---|
| 005 | 20160112061701.0 | ||
| 008 | 000826s2000 bo ab b f000 0 spa d | ||
| 040 |
_aNNBG _cNNBG _dCStRLIN _dDLC _dCO-BoIAVH |
||
| 041 | _aspa | ||
| 042 | _alccopycat | ||
| 044 | _abo | ||
| 082 | 0 | 4 |
_a333.9516 _bM32a |
| 100 | 1 | _aMarconi, María. | |
| 245 | 1 | 4 |
_aLas áreas protegidas del Beni y el desarrollo departamental / _cMaría Marconi, Carmen Miranda L. |
| 260 |
_a[La Paz, Bolivia] : _bAcademia Nacional de Ciencias de Bolivia, Instituto para la Conservación e Investigación de la Biodiversidad, _c2000. |
||
| 300 |
_a286 p. : _bill., maps ; _c21 cm. |
||
| 650 | 1 | 4 |
_aÁreas protegidas _zBolivia |
| 650 | 2 | 4 |
_aÁreas de conservación de recursos naturales _zBolivia |
| 650 | 2 | 4 |
_aConservación de los recursos naturales _zBolivia |
| 650 | 2 | 4 |
_aConservación biológica _zBolivia |
| 700 | 1 |
_aMiranda L., Carmen., _eautora. |
|
| 942 |
_2ddc _cLIBRO |
||
| 999 |
_c1975 _d1975 |
||